000
00287nam a2200109Ia 4500
008
220204s9999 xx 000 0 und d
082
_a
66(031)
_b
CON
245
0
_a
Chemical and process technology encyclopedia
260
_a
New York
_b
McGraw Hill
_c
1974
700
_a
Douglas M
942
_c
BK
999
_c
23232
_d
23232